IX Congreso Nacional de Neuropsiquiatría (Registro nro. 21287)
[ vista simple ]
| 000 -LEADER | |
|---|---|
| campo de control de longitud fija | 00553nam a2200157 i 4500 |
| 001 - NÚMERO DE CONTROL | |
| campo de control | 21287 |
| 003 - IDENTIFICADOR DE NÚMERO DE CONTROL | |
| campo de control | ES-MaACL |
| 005 - FECHA Y HORA DE LA ÚLTIMA TRANSACCIÓN | |
| campo de control | 20230906152443.0 |
| 007 - CAMPO FIJO DE DESCRIPCIÓN FÍSICA--INFORMACIÓN GENERAL | |
| campo de control de longitud fija | t| |
| 008 - DATOS DE LONGITUD FIJA--INFORMACIÓN GENERAL | |
| campo de control de longitud fija | 021122s1967 sp ||||1| spa d |
| 100 1# - ENTRADA PRINCIPAL--NOMBRE DE PERSONA | |
| Nombre de persona | Alberca Lorente, Román. |
| 9 (RLIN) | 19266 |
| 245 10 - MENCIÓN DEL TÍTULO | |
| Título | IX Congreso Nacional de Neuropsiquiatría |
| Resto del título | : su persona y su obra : sesión homenaje / |
| Mención de responsabilidad, etc. | Román Alberca Lorente. |
| 260 ## - PUBLICACIÓN, DISTRIBUCIÓN, ETC. | |
| Lugar de publicación, distribución, etc. | Madrid : |
| Nombre del editor, distribuidor, etc. | [s.n., |
| Fecha de publicación, distribución, etc. | 1967] ( |
| Fabricante | Nogués) |
| 711 2# - ENTRADA AGREGADA--NOMBRE DE REUNIÓN | |
| Nombre de congreso/reunión o jurisdicción como elemento de entrada | Congreso Nacional de Neuropsiquiatría ( |
| Número del congreso/reunión o número de parte o sección | 9º. |
| Fecha del congreso o de la firma del tratado | 1967. |
| Sede del congreso/Lugar de la reunión | Murcia) |
| 9 (RLIN) | 550 |
| 852 ## - LOCALIZACIÓN | |
| Ubicación | ES-MaACL |
| Número de control de estantería | C-45547 |
| Sublocalización o colección | R.67750 |
| Estatus retirado | Estado de pérdida | Estado de daño | No para préstamo | Biblioteca de origen | Biblioteca actual | Ubicación en estantería | Fecha de adquisición | Fuente de adquisición | Total de préstamos | Signatura topográfica completa | Código de barras | Visto por última vez | Precio de reemplazo | Tipo de ítem Koha |
|---|---|---|---|---|---|---|---|---|---|---|---|---|---|---|
| Biblioteca del Ateneo de Madrid | Biblioteca del Ateneo de Madrid | Depósito 2 | 17/01/2008 | C-45547 | 1021869 | 23/02/2023 | 23/02/2023 | Libro impreso |
